<?xml version="1.0" encoding="UTF-8"?><?xml-stylesheet type="text/xsl" href="static/style.xsl"?><OAI-PMH xmlns="http://www.openarchives.org/OAI/2.0/" xmlns:xsi="http://www.w3.org/2001/XMLSchema-instance" xsi:schemaLocation="http://www.openarchives.org/OAI/2.0/ http://www.openarchives.org/OAI/2.0/OAI-PMH.xsd"><responseDate>2026-04-14T03:28:18Z</responseDate><request verb="GetRecord" identifier="oai:www.recercat.cat:20.500.12328/5131" metadataPrefix="marc">https://recercat.cat/oai/request</request><GetRecord><record><header><identifier>oai:recercat.cat:20.500.12328/5131</identifier><datestamp>2025-11-08T13:32:29Z</datestamp><setSpec>com_2072_67741</setSpec><setSpec>col_2072_484352</setSpec></header><metadata><record xmlns="http://www.loc.gov/MARC21/slim" xmlns:dcterms="http://purl.org/dc/terms/" xmlns:xsi="http://www.w3.org/2001/XMLSchema-instance" xmlns:doc="http://www.lyncode.com/xoai" xsi:schemaLocation="http://www.loc.gov/MARC21/slim http://www.loc.gov/standards/marcxml/schema/MARC21slim.xsd">
   <leader>00925njm 22002777a 4500</leader>
   <datafield ind2=" " ind1=" " tag="042">
      <subfield code="a">dc</subfield>
   </datafield>
   <datafield ind2=" " ind1=" " tag="720">
      <subfield code="a">Muñoz, Marta</subfield>
      <subfield code="e">author</subfield>
   </datafield>
   <datafield ind2=" " ind1=" " tag="720">
      <subfield code="a">PARDO PERL, GERMAN EZEQUIEL</subfield>
      <subfield code="e">author</subfield>
   </datafield>
   <datafield ind2=" " ind1=" " tag="720">
      <subfield code="a">Vilarrasa, Javi</subfield>
      <subfield code="e">author</subfield>
   </datafield>
   <datafield ind2=" " ind1=" " tag="720">
      <subfield code="a">Babiano Nodal, Alvaro</subfield>
      <subfield code="e">author</subfield>
   </datafield>
   <datafield ind2=" " ind1=" " tag="720">
      <subfield code="a">Ruiz Magaz, Vanessa</subfield>
      <subfield code="e">author</subfield>
   </datafield>
   <datafield ind2=" " ind1=" " tag="720">
      <subfield code="a">Nart, Jose</subfield>
      <subfield code="e">author</subfield>
   </datafield>
   <datafield ind2=" " ind1=" " tag="260">
      <subfield code="c">2025-08-18</subfield>
   </datafield>
   <datafield ind2=" " ind1=" " tag="520">
      <subfield code="a">Aim: To evaluate bone level changes in implants with 1-mm- or 3-mm-high abutments over a 7-year period and to investigate therole of abutment height upon peri-implant status.Materials and Methods: Two-piece implants were placed 1.5 mm subcrestally with either 1-mm (control) or 3-mm (test) highdefinitive abutments. Marginal bone level change from the first to seventh year was the primary outcome. Peri-implant statusand other patient and peri-implant clinical variables (smoking, peri-implant maintenance therapy compliance, interproximalhygiene, vertical soft tissue thickness and keratinised mucosa width) were also assessed.Results: After 7 years, 37 subjects (63 implants) were analysed: 17 subjects with 32 implants in the 1-mm abutmentgroup, and 20 subjects with 31 implants in the 3- mm abutment group. Significant differences in marginal bone level changes wereobserved at 7 years. The 3-mm abutment group showed smaller changes compared to the 1-mm abutment group at mesialsites (−0.27 ± 1.32 mm vs. −0.42 ± 0.50 mm, respectively) and distal sites (−0.33 ± 1.39 mm vs. −0.35 ± 0.38 mm), with both differ-ences being statistically significant (p &lt; 0.001). In the control group, 18 implants (54.6%) presented peri-implant mucositis and 6implants (18.2%) showed peri-implantitis. In the test group, 23 implants (74.2%) presented peri-implant mucositis and 1 implant(3.2%) showed peri-implantitis. No statistically significant differences were found (p = 0.158).Conclusions: Subcrestally inserted implants with 3-mm definitive abutments experienced minimal bone loss over long-termfollow-up compared to 1-mm abutments. However, since the differences were not statistically significant, no conclusions couldbe drawn on the protective effect against peri-implantitis.</subfield>
   </datafield>
   <datafield ind1="8" ind2=" " tag="024">
      <subfield code="a">Muños, Marta; Pardo, Germán; Vilarrasa, Javi[et al.]. Long-Term Impact of 1-mm Versus 3-mm Definitive Abutments on Marginal Bone Loss and Peri-Implant Disease: A 7-Year Randomised Clinical Trial. Journal of Clinical Periodontology, 2025, 52(11), páginas 1595-1604. Disponible en &lt;https://onlinelibrary.wiley.com/doi/10.1111/jcpe.70009>. Fecha de acceso: 6 nov. 2025. DOI: 10.1111/jcpe.70009</subfield>
   </datafield>
   <datafield ind1="8" ind2=" " tag="024">
      <subfield code="a">0303-6979</subfield>
   </datafield>
   <datafield ind1="8" ind2=" " tag="024">
      <subfield code="a">http://hdl.handle.net/20.500.12328/5131</subfield>
   </datafield>
   <datafield ind1="8" ind2=" " tag="024">
      <subfield code="a">https://doi.org/10.1111/jcpe.70009</subfield>
   </datafield>
   <datafield tag="653" ind2=" " ind1=" ">
      <subfield code="a">Abutment height</subfield>
   </datafield>
   <datafield tag="653" ind2=" " ind1=" ">
      <subfield code="a">Bone level</subfield>
   </datafield>
   <datafield tag="653" ind2=" " ind1=" ">
      <subfield code="a">Dental implant</subfield>
   </datafield>
   <datafield tag="653" ind2=" " ind1=" ">
      <subfield code="a">Long-term studies</subfield>
   </datafield>
   <datafield tag="653" ind2=" " ind1=" ">
      <subfield code="a">Marginal bone level</subfield>
   </datafield>
   <datafield tag="653" ind2=" " ind1=" ">
      <subfield code="a">Peri-implant maintenance therapy</subfield>
   </datafield>
   <datafield tag="653" ind2=" " ind1=" ">
      <subfield code="a">Peri-implant status</subfield>
   </datafield>
   <datafield tag="653" ind2=" " ind1=" ">
      <subfield code="a">Peri-implantitis</subfield>
   </datafield>
   <datafield tag="653" ind2=" " ind1=" ">
      <subfield code="a">Altura del pilar</subfield>
   </datafield>
   <datafield tag="653" ind2=" " ind1=" ">
      <subfield code="a">Nivel ósea</subfield>
   </datafield>
   <datafield tag="653" ind2=" " ind1=" ">
      <subfield code="a">Implante dental</subfield>
   </datafield>
   <datafield tag="653" ind2=" " ind1=" ">
      <subfield code="a">Estudios a largo plazo</subfield>
   </datafield>
   <datafield tag="653" ind2=" " ind1=" ">
      <subfield code="a">Nivel ósea marginal</subfield>
   </datafield>
   <datafield tag="653" ind2=" " ind1=" ">
      <subfield code="a">Tratamiento de mantenimiento</subfield>
   </datafield>
   <datafield tag="653" ind2=" " ind1=" ">
      <subfield code="a">Periimplantario</subfield>
   </datafield>
   <datafield tag="653" ind2=" " ind1=" ">
      <subfield code="a">Estado periimplantario</subfield>
   </datafield>
   <datafield tag="653" ind2=" " ind1=" ">
      <subfield code="a">Periimplantitis</subfield>
   </datafield>
   <datafield tag="653" ind2=" " ind1=" ">
      <subfield code="a">Nivell ossi</subfield>
   </datafield>
   <datafield tag="653" ind2=" " ind1=" ">
      <subfield code="a">Implant dental</subfield>
   </datafield>
   <datafield tag="653" ind2=" " ind1=" ">
      <subfield code="a">Estudis a llarg termini</subfield>
   </datafield>
   <datafield tag="653" ind2=" " ind1=" ">
      <subfield code="a">Nivell ossi marginal</subfield>
   </datafield>
   <datafield tag="653" ind2=" " ind1=" ">
      <subfield code="a">Tractament de manteniment periimplantari</subfield>
   </datafield>
   <datafield tag="653" ind2=" " ind1=" ">
      <subfield code="a">Estat periimplantari</subfield>
   </datafield>
   <datafield ind2="0" ind1="0" tag="245">
      <subfield code="a">Long-Term Impact of 1-mm Versus 3-mm Definitive Abutments on Marginal Bone Loss and Peri-Implant Disease: A 7-Year Randomised Clinical Trial</subfield>
   </datafield>
</record></metadata></record></GetRecord></OAI-PMH>